000 00563nam a2200169Ia 4500
008 090711s9999 xx 000 0 und d
082 _b74517
100 _aबांदोडकर व. पु. / बांदोडकर गो. पु.
245 _aभूल
260 _c1994
300 _a208
600 _aबांदोडकर व. पु. / बांदोडकर गो. पु.
630 _aभूल
700 _aबांदोडकर व. पु. / बांदोडकर गो. पु.
730 _aभूल
942 _cBOOK
999 _c293309
_d293309